Memorias
Salvato in:
| Autore principale: | |
|---|---|
| Natura: | Libro |
| Lingua: | spagnolo |
| Pubblicazione: |
Barcelona
Malpaso Ediciones
2017
|
| Edizione: | 1a. ed |
| Soggetti: | |
| Tags: |
Aggiungi Tag
Nessun Tag, puoi essere il primo ad aggiungerne!!
|
MARC
| LEADER | 00000cam a2200000 a 4500 | ||
|---|---|---|---|
| 001 | UCC1045 | ||
| 003 | CL-VaPUC | ||
| 008 | 170922e20170500sp |||||||||||||||||spa|d | ||
| 020 | |a 9788416665877 | ||
| 082 | 0 | 4 | |a 791.43 |b POL |2 21 |
| 100 | 0 | |a Polanski, Roman |e author |9 500454 | |
| 245 | 1 | 0 | |a Memorias |
| 250 | |a 1a. ed | ||
| 300 | |a 546 p | ||
| 942 | |c BK | ||
| 945 | |d 20170922 16:51:00 |a arojas | ||
| 260 | |a Barcelona |b Malpaso Ediciones |c 2017 | ||
| 650 | 0 | |a Cinematografía |9 265198 | |
| 650 | 7 | |a DIRECTORES |2 CL-VaPUC |9 267231 | |
| 650 | 0 | |a Biografías |9 255210 | |
| 650 | 7 | |a PELICULAS CINEMATOGRAFICAS |2 CL-VaPUC |9 595018 | |
| 650 | 7 | |a MEMORIAS |2 CL-VaPUC |9 269159 | |
| 583 | |a last modification |c 20170922 16:51:00 |k Rodrigo Vera | ||
| 999 | |c 369637 |d 369635 | ||
| 952 | |0 0 |1 0 |3 erd |4 0 |6 791_430000000000000_POL_2017 |7 0 |8 A |9 485567 |a BIBART |b BIBART |i 5424720 |o 791.43 POL 2017 |p 5424720 |r 2025-03-13 |w 2019-11-24 |y BK |z Catalogado en:20170922 |k ART | ||